Im "Blickfeld": Hamburger Traditionen und die Kunstwissenschaft der Moderne : zur neuen Publikationsreihe der Hamburger Kunsthalle

Gespeichert in:
Bibliographische Detailangaben
Veröffentlicht in:Kritische Berichte 25(1997), 2, Seite 81-85
VerfasserIn: Hoormann, Anne (VerfasserIn)
Dokumenttyp: Online-Ressource Aufsatz
Sprache:German
Veröffentlicht: 1997
Schlagwörter:
Online Zugang:kostenfrei
kostenfrei
Bibliogr. Hinweis:In: Kritische Berichte
Rezension von: Im Blickfeld
Verantwortlich:Anne Hoorman
LEADER 02300caa a2200469 c 4500
001 1464120056
003 DE-627
005 20260312100503.0
007 cr cn 008aaaaa
008 131008s1997 xx |||||oo 00| ||ger c
024 7 |a urn:nbn:de:bsz:16-kb-110770  |2 urn 
024 7 |a 10.11588/kb.1997.2.11077  |2 doi 
035 |a (DE-627)1464120056 
035 |a (DE-576)394120051 
035 |a (DE-599)BSZ394120051 
035 |a (OCoLC)1263312340 
040 |a DE-627  |b ger  |c DE-627  |e rakwb 
041 |a ger 
084 |a 9,10  |2 ssgn 
100 1 |a Hoormann, Anne  |d 1956-2003  |0 (DE-588)12074399X  |0 (DE-627)08086354X  |0 (DE-576)166609455  |4 aut 
245 1 0 |a Im "Blickfeld": Hamburger Traditionen und die Kunstwissenschaft der Moderne  |b zur neuen Publikationsreihe der Hamburger Kunsthalle  |c Anne Hoorman 
264 1 |c 1997 
336 |a Text  |b txt  |2 rdacontent 
337 |a Computermedien  |b c  |2 rdamedia 
338 |a Online-Ressource  |b cr  |2 rdacarrier 
533 |a Online-Ausg.  |b Heidelberg  |c Univ.-Bibl.  |d 2013  |e Online-Ressource  |7 |2013|||||||||| 
583 1 |a Archivierung/Langzeitarchivierung gewährleistet  |x XA-DE-BW  |2 pdager  |5 DE-16 
655 7 |a Rezension  |0 (DE-588)4049712-4  |0 (DE-627)106186019  |0 (DE-576)209083166  |2 gnd-content 
689 0 0 |d s  |0 (DE-588)4120632-0  |0 (DE-627)105775118  |0 (DE-576)209536748  |a Kunstwissenschaft  |2 gnd 
689 0 |5 (DE-627) 
773 0 8 |i In  |t Kritische Berichte  |d Heidelberg : arthistoricum.net, 1973  |g 25(1997), 2, Seite 81-85  |h Online-Ressource  |w (DE-627)751049069  |w (DE-600)2722286-X  |w (DE-576)385942125  |x 2197-7410  |7 nnas 
773 1 8 |g volume:25  |g year:1997  |g number:2  |g pages:81-85 
787 0 8 |i Rezension von  |t Im Blickfeld  |d Hamburg : Kunsthalle, 1994  |w (DE-627)182601501  |w (DE-600)1220333-6  |w (DE-576)045295425  |x 1869-7674 
856 4 0 |u http://dx.doi.org/10.11588/kb.1997.2.11077  |x Verlag  |x Resolving-System  |z kostenfrei  |3 Volltext  |7 0 
856 4 0 |u http://nbn-resolving.de/urn:nbn:de:bsz:16-kb-110770  |x Verlag  |x Resolving-System  |z kostenfrei  |3 Volltext  |7 0 
935 |h SWB  |i ld 
951 |a AR 
994 |u https://ahnp.ub.uni-heidelberg.de/journals/kb/article/view/11077/4933 
994 |u https://ahnp.ub.uni-heidelberg.de/journals/kb/article/view/11077 
990 |a Kunstwissenschaft 
991 |a Rezension (Monographie, Zeitschrift, Aufsatz) 
999 |a KXP-PPN1464120056  |e 4020856788